000 00730nam a2200241Ia 4500
003 OSt
005 20220923214014.0
006 a|||||r|||| 00| 0
007 ta
008 220922b |||||||| |||| 00| 0 hin d
024 _a166,393
037 _cTextual
040 _aARTS
_cARTS
_bhin
041 _2hin
_ahin
082 _aO152,1J32,11:g, K2
100 _aभग्यवती सिंह
_9156275
245 0 _aतुलसी मानस रत्नाकर
246 _aTulasī mānas ratnākara
260 _c1962
650 _aहिन्दी साहित्य
_9156264
942 _hO152,1J32,11:g, K2
_cTEXL
_2CC
999 _c320872
_d320872